Dadasaheb Phalke : (Record no. 64432)

MARC details
000 -LEADER
fixed length control field 02536nam a22003497a 4500
005 - DATE AND TIME OF LATEST TRANSACTION
control field 2012032301581.0
010 ## - LCCN (DPL NO)
LC control number B-447247-257
020 ## - INTERNATIONAL STANDARD BOOK NUMBER
International Standard Book Number 812374319X
Terms of availability 65.00
035 ## - SYSTEM CONTROL NUMBER
System control number B-447247-257
037 ## - SOURCE OF ACQUISITION
Stock number dpl
Source of stock number/acquisition K.K.Pub/Ven
082 ## - DEWEY DECIMAL CLASSIFICATION NUMBER
Classification number 921
100 ## - MAIN ENTRY--PERSONAL NAME
Personal name Watve, Bapu
245 ## - TITLE STATEMENT
Title Dadasaheb Phalke :
Remainder of title the father of Indian cinema /
Statement of responsibility, etc by Bapu Watve ; translated by S.A.Virkar
260 ## - PUBLICATION, DISTRIBUTION, ETC. (IMPRINT)
Place of publication, distribution, etc New Delhi
Name of publisher, distributor, etc National Book Trust
Date of publication, distribution, etc 2006
270 ## - ADDRESS
Address A-5 Green Park,
City New Delhi
Postal code 110016
300 ## - PHYSICAL DESCRIPTION
Extent vi,181p.
Other physical details ill
Dimensions 22cm(pbk)
490 ## - SERIES STATEMENT
Series statement National biography
-- 44655
700 ## - ADDED ENTRY--PERSONAL NAME
Personal name Virkar, S.A.
9 (RLIN) 44367
942 ## - ADDED ENTRY ELEMENTS (KOHA)
Source of classification or shelving scheme Dewey Decimal Classification
Item type English Books
Call number suffix WAT
Classification part 921
Holdings
Withdrawn status Lost status Not for loan Collection code Home library Current library Date acquired Source of acquisition Cost, normal purchase price Full call number Barcode Copy number Cost, replacement price Koha item type
      Non-fiction Andrews Gunj Andrews Gunj 02/04/2012 K.K.Pub/1318/23.09.2011/03/23.09.2011/09.11.2011 65.00 921 WAT B-447253 1 65.00 English Books
      Non-fiction Central Library Central Library 02/04/2012 K.K.Pub/1318/23.09.2011/03/23.09.2011/09.11.2011 65.00 921 WAT B-447247 1 65.00 English Books
      Non-fiction Janak Puri Janak Puri 02/04/2012 K.K.Pub/1318/23.09.2011/03/23.09.2011/09.11.2011 65.00 921 WAT B-447250 1 65.00 English Books
      Non-fiction Karol Bagh Karol Bagh 02/04/2012 K.K.Pub/1318/23.09.2011/03/23.09.2011/09.11.2011 65.00 921 WAT B-447255 1 65.00 English Books
      Non-fiction Kasturba Gandhi Marg Kasturba Gandhi Marg 02/04/2012 K.K.Pub/1318/23.09.2011/03/23.09.2011/09.11.2011 65.00 921 WAT B-447249 1 65.00 English Books
      Non-fiction Narela Narela 02/04/2012 K.K.Pub/1318/23.09.2011/03/23.09.2011/09.11.2011 65.00 921 WAT B-447256 1 65.00 English Books
      Non-fiction Patel Nagar Patel Nagar 02/04/2012 K.K.Pub/1318/23.09.2011/03/23.09.2011/09.11.2011 65.00 921 WAT B-447248 1 65.00 English Books
      Non-fiction R.K.Puram-8 R.K.Puram-8 02/04/2012 K.K.Pub/1318/23.09.2011/03/23.09.2011/09.11.2011 65.00 921 WAT B-447252 1 65.00 English Books
      Non-fiction Sarojini Nagar Sarojini Nagar 02/04/2012 K.K.Pub/1318/23.09.2011/03/23.09.2011/09.11.2011 65.00 921 WAT B-447251 1 65.00 English Books
      Non-fiction Shahdara Branch Shahdara Branch 02/04/2012 K.K.Pub/1318/23.09.2011/03/23.09.2011/09.11.2011 65.00 921 WAT B-447257 1 65.00 English Books
      Non-fiction Vinoba Puri Vinoba Puri 02/04/2012 K.K.Pub/1318/23.09.2011/03/23.09.2011/09.11.2011 65.00 921 WAT B-447254 1 65.00 English Books

© Delhi Public Library
Hit Counter
free hit counter